[Event "Malmo Torso"]
[Site "Malmo"]
[Date "2019.11.30"]
[Round "5"]
[White "Agrest, Evgenij"]
[Black "Berg, Emanuel"]
[Result "1-0"]
[WhiteElo "2583"]
[BlackElo "2544"]
[PlyCount "115"]
[EventDate "2019.11.30"]
[EventType "tourn (rapid)"]
[EventRounds "14"]
[EventCountry "SWE"]
[EventCategory "11"]
[SourceTitle "CBM 193 Extra"]
[Source "ChessBase"]
[SourceDate "2020.01.31"]
[SourceVersion "1"]
[SourceVersionDate "2020.01.31"]
[SourceQuality "1"]

1. Nf3 Nf6 2. b3 d6 3. Bb2 e5 4. e3 Be7 5. c4 O-O 6. Nc3 Re8 ({RR} 6... c6 7. d4 e4 8. Nd2 d5 9. Be2 Be6 10. Rc1 Nbd7 11. O-O Re8 12. f3 exf3 13. Bxf3 Bb4 14. e4 Bxc3 15. Rxc3 dxe4 16. Nxe4 Nxe4 17. Bxe4 Qh4 18. Bf3 Bf5 19. Qd2 Nf6 20. Rcc1 Be4 21. d5 {Gurel,E (2602)-Zhigalko,S (2572) chess.com INT 2024 1-0 (62)}) 7. d3 $146 ({RR} 7. d4 exd4 8. Nxd4 Nbd7 9. Qc2 Bf8 10. O-O-O Nc5 11. h3 a6 12. g4 Qe7 13. Bg2 g6 14. g5 Nfe4 15. Bxe4 Nxe4 16. Nd5 Qd8 17. c5 Nxc5 18. Nc6 {1-0 (18) Thurlow,K (2193)-Dekker,J Guernsey 2001}) ({RR} 7. d4 e4 8. Nd2 Bf8 9. h3 c6 10. d5 Nbd7 11. g4 Nc5 12. g5 Nfd7 13. h4 a5 14. Qc2 Qe7 15. a3 Ne5 16. Ncxe4 Bf5 17. Bg2 Ned3+ 18. Ke2 Nxb2 19. Qxb2 Nxe4 20. Nf3 cxd5 21. Nd4 Bg4+ {Gomez Aguirre,J (2322)-Dann,M (2458) chess.com INT 2024 0-1 (38)}) 7... h6 8. g3 Bf8 9. Bg2 c6 10. O-O Bf5 11. e4 Bh7 12. Re1 Nbd7 13. b4 a5 14. a3 Qb6 15. Na4 Qc7 16. Qc2 Ra7 17. Nc3 axb4 18. axb4 Rea8 19. Rxa7 Rxa7 20. Qb3 Be7 21. d4 exd4 22. Nxd4 Ra8 23. h3 Ne5 24. Nd1 Re8 25. f4 Ned7 26. Nf2 Qb6 27. Qc3 Bf8 28. Kh2 c5 29. bxc5 Nxc5 30. Qc2 Nfxe4 31. Nxe4 Bxe4 32. Bxe4 Rxe4 33. Rxe4 Nxe4 34. Qxe4 Qxb2+ 35. Ne2 b5 36. cxb5 Qxb5 37. Kg2 d5 38. Qe5 Bd6 39. Qe3 Bc5 40. Qe5 Bd6 41. Qe3 Qc4 42. h4 h5 43. Kf3 Kf8 44. Qb6 Qe4+ 45. Kf2 Qe6 46. Qd8+ Qe8 47. Qxd6+ Kg8 48. Qxd5 g6 49. f5 Kg7 50. Nf4 Qe7 51. Qd4+ Kh7 52. fxg6+ fxg6 53. Qd3 Qc5+ 54. Kf3 Qc6+ 55. Nd5 Kg7 56. Qd4+ Kh7 57. Qe4 Qd6 58. Qe7+ 1-0

[Event "NED-ch blitz 5th"]
[Site "Amstelveen"]
[Date "2019.11.30"]
[Round "13"]
[White "Van Wely, Loek"]
[Black "Warmerdam, Max"]
[Result "1-0"]
[WhiteElo "2610"]
[BlackElo "2501"]
[PlyCount "73"]
[EventDate "2019.11.30"]
[EventType "swiss (blitz)"]
[EventRounds "30"]
[EventCountry "NED"]
[SourceTitle "CBM 193 Extra"]
[Source "ChessBase"]
[SourceDate "2020.01.31"]
[SourceVersion "1"]
[SourceVersionDate "2020.01.31"]
[SourceQuality "1"]

1. Nf3 d5 2. g3 c6 3. Bg2 Bg4 4. O-O Nd7 5. d3 Ngf6 6. Re1 e5 7. e4 dxe4 8. dxe4 a5 $146 ({RR} 8... Bc5 9. a4 O-O 10. Nbd2 Re8 11. h3 Bxf3 12. Nxf3 a5 13. Qe2 Qb6 14. Nd2 Qc7 15. Rd1 Bf8 16. Nc4 Nb6 17. Be3 Nxc4 18. Qxc4 Rad8 19. Bf3 Rxd1+ 20. Rxd1 Rd8 21. Rxd8 Qxd8 22. Kg2 Qc7 23. c3 {Drasko,M (2470)-Diotallevi,M (2096) Arco 2003 1-0 (44)}) ({RR} 8... Bc5 9. Nbd2 O-O 10. h3 Bxf3 11. Bxf3 Re8 12. Qe2 h6 13. Rd1 Qc7 14. Nb3 Bb6 15. Bd2 Nc5 16. Nxc5 Bxc5 17. Be1 a5 18. a4 Qb6 {½-½ (18) Drasko,M (2540)-Rozentalis,E (2567) France 2008}) ({RR} 8... Bc5 9. h3 Bh5 10. c3 a5 11. Qc2 O-O 12. Nbd2 Re8 13. a3 a4 14. Nc4 b5 15. Ne3 Qc7 16. Nf5 Bf8 17. Be3 Nc5 18. g4 Bg6 19. Bxc5 Bxc5 20. Rad1 Nd7 21. Re2 Nf8 22. Red2 f6 23. Ne1 {Gaj,S (1898)-Sergeev,V (2403) Lezajsk 2021 0-1 (66)}) ({RR} 8... Bc5 9. Nc3 O-O 10. h3 Bh5 11. Be3 Qc7 12. Qe2 Bb4 13. Bd2 a5 14. a3 Bc5 15. Be3 b5 16. Bxc5 Nxc5 17. Qe3 Ne6 18. Ne2 Nd7 19. c3 f6 20. Rad1 Nb6 21. Nd2 Rfd8 22. g4 Bf7 23. Nf1 {Sifrer,D (2355)-Psakhis,L (2575) Portoroz 1987 0-1 (39)}) 9. h3 Bh5 10. a4 Bc5 11. Nbd2 O-O 12. Nc4 Qc7 13. Qe2 b5 14. Ncd2 bxa4 15. Nc4 a3 16. bxa3 Nb6 17. Bb2 Bxf3 18. Bxf3 Nxc4 19. Qxc4 Qb6 20. Reb1 Bxf2+ 21. Kg2 Nd7 22. Bc3 Qc5 23. Qxc5 Bxc5 24. Rb7 Rfd8 25. Rd1 Nb6 26. Rxd8+ Rxd8 27. Bxa5 g6 28. h4 h5 29. Bxb6 Rd2+ 30. Kh3 Bxa3 31. Bc7 f6 32. Rb3 Bc5 33. Rc3 Bg1 34. Bg2 c5 35. Bb6 Bd4 36. Rc4 Bf2 37. Bxc5 1-0

[Event "London Classic 11th"]
[Site "London"]
[Date "2019.12.08"]
[Round "2.3"]
[White "Aronian, Levon"]
[Black "Carlsen, Magnus"]
[Result "1-0"]
[WhiteElo "2775"]
[BlackElo "2872"]
[PlyCount "81"]
[EventDate "2019.12.02"]
[EventType "k.o."]
[EventRounds "2"]
[EventCountry "ENG"]
[SourceTitle "CBM 194"]
[Source "ChessBase"]
[SourceDate "2020.01.27"]
[SourceVersion "1"]
[SourceVersionDate "2020.01.27"]
[SourceQuality "1"]

1. Nf3 d5 2. c4 d4 3. b4 c5 4. g3 cxb4 5. a3 b3 6. d3 Nc6 7. Nbd2 a5 8. Qxb3 a4 9. Qc2 e5 10. Bg2 Nf6 11. O-O Be7 12. Rb1 $146 ({RR} 12. Bb2 O-O 13. Rfe1 Nd7 14. e3 Nc5 15. exd4 exd4 16. Ne5 Na5 17. Bd5 Nab3 18. Nxb3 Nxb3 19. Rad1 g6 20. Qe2 Bf6 21. Qf3 Qb6 22. Re2 Kg7 23. Rde1 Bxe5 24. Rxe5 Nd2 25. Qf4 Qxb2 26. Re7 Bf5 {Ikonnikov,V (2546)-Zaragatski,I (2329) Vlissingen 2003 1-0 (35)}) 12... O-O 13. Rb5 Nd7 14. Bb2 Nc5 15. Rb1 Qc7 16. Bc1 Na5 17. R5b2 Bd7 18. Qd1 Bc6 19. Ne1 Bxg2 20. Kxg2 Ncb3 21. Nc2 b5 22. cxb5 Rfb8 23. Nxb3 axb3 24. Nb4 Rxb5 25. e4 dxe3 26. Qf3 Rd8 27. Bxe3 Qd7 28. Rc1 f5 29. Rbb1 Qe6 30. Bd2 e4 31. Qe3 Bxb4 32. Bxb4 Rxd3 33. Qa7 Nc4 34. Rxc4 Qxc4 35. Qa8+ Kf7 36. Qf8+ Kg6 37. Rc1 Qxc1 38. Qe8+ Kh6 39. Qe6+ g6 40. Bf8+ Kh5 41. Qe7 1-0

[Event "Jerusalem FIDE GP"]
[Site "Jerusalem"]
[Date "2019.12.19"]
[Round "3.4"]
[White "Wei, Yi"]
[Black "Navara, David"]
[Result "1-0"]
[WhiteElo "2725"]
[BlackElo "2707"]
[PlyCount "53"]
[EventDate "2019.12.11"]
[EventType "k.o."]
[EventRounds "4"]
[EventCountry "ISR"]
[SourceTitle "CBM 194"]
[Source "ChessBase"]
[SourceDate "2020.01.27"]
[SourceVersion "1"]
[SourceVersionDate "2020.01.27"]
[SourceQuality "1"]

1. Nf3 d5 2. b3 Bf5 3. Bb2 e6 4. d3 h6 5. Nbd2 Nf6 6. g3 c5 7. Ne5 $146 ({RR} 7. Bg2 Nc6 8. O-O Be7 9. Ne5 Nxe5 10. Bxe5 O-O 11. e4 Bh7 12. Qe2 b5 13. exd5 exd5 14. Rad1 Re8 15. Qf3 a5 16. Bxf6 Bxf6 17. Qxd5 Ra6 18. Qxd8 Rxd8 19. Be4 a4 20. Bxh7+ Kxh7 21. Ne4 Be7 {Hovakimyan,V (2351)-Baches Garcia,G (2322) chess.com INT 2024 0-1 (65)}) ({RR} 7. Bg2 Nc6 8. O-O Be7 9. e4 Bh7 10. Ne5 Nxe5 11. Bxe5 O-O 12. Qe2 Re8 13. Rad1 Nd7 14. Bb2 Bf6 15. e5 Be7 16. c4 Nb6 17. d4 Rc8 18. dxc5 Bxc5 19. Ne4 Be7 20. Qg4 Bf5 21. Qf4 Bg5 {Grischuk,A (2766)-So,W (2778) Leuven 2018 ½-½ (35)}) ({RR} 7. Bg2 Nc6 8. O-O Be7 9. Re1 Bh7 10. e4 dxe4 11. dxe4 O-O 12. Qe2 Qc7 13. Rad1 Rad8 14. e5 Nd5 15. Ne4 Bxe4 16. Qxe4 Qa5 17. Nd2 Nc3 18. Nc4 Nxe4 19. Nxa5 Nxa5 20. Bxe4 Nc6 21. Bxc6 bxc6 {Materia,M (2486)-Xiong,J (2636) chess.com INT 2025 1-0 (40)}) 7... Nbd7 8. e4 Bh7 9. Nxd7 Qxd7 10. Bg2 Qd8 11. exd5 exd5 12. Qe2+ Be7 13. Bxf6 gxf6 14. O-O Bf5 15. Rae1 Be6 16. Qh5 Qd7 17. Rxe6 Qxe6 18. Bxd5 Qd7 19. Bxf7+ Kd8 20. Re1 Kc7 21. Be6 Qd8 22. Nc4 a6 23. Bd5 Ra7 24. Qf7 Re8 25. Bf3 b5 26. Na5 Kb6 27. Nc6 1-0

[Event "Sitges Sunway op 6th"]
[Site "Sitges"]
[Date "2019.12.17"]
[Round "5"]
[White "Krzyzanowski, Marcin"]
[Black "Maghsoodloo, Parham"]
[Result "1-0"]
[WhiteElo "2506"]
[BlackElo "2690"]
[PlyCount "113"]
[EventDate "2019.12.13"]
[EventType "swiss"]
[EventRounds "10"]
[EventCountry "ESP"]
[SourceTitle "CBM 193 Extra"]
[Source "ChessBase"]
[SourceDate "2020.01.31"]
[SourceVersion "1"]
[SourceVersionDate "2020.01.31"]
[SourceQuality "1"]

1. Nf3 d5 2. g3 Nd7 3. Bg2 e5 4. d3 Bd6 5. c4 c6 6. O-O Ne7 7. a3 ({RR} 7. e4 dxc4 8. dxc4 Nf6 9. Nc3 O-O 10. Bg5 Ng6 11. h3 Qe7 12. Rc1 Rd8 13. Qe2 h6 14. Be3 Bc5 15. Bd2 Be6 16. a3 Qd7 17. Kh2 Qd3 18. Qxd3 Rxd3 19. b4 Bd4 20. Nxd4 exd4 21. Nb1 Ne5 {Grischuk,A (2777)-Xiong,J (2709) chess24.com INT 2020 0-1 (51)}) 7... O-O 8. Nbd2 a5 9. b3 $146 ({RR} 9. cxd5 cxd5 10. e4 d4 11. Nc4 Bc7 12. a4 Nc6 13. b3 Nc5 14. Ba3 Qe7 15. Rc1 Nb4 16. Bxb4 axb4 17. Qc2 b6 18. Nfxe5 Bxe5 19. Nxb6 Ra5 20. Nc4 Nb7 21. Nxa5 Nxa5 22. Qc5 Qxc5 23. Rxc5 Nxb3 {Peralta,E (2218)-Xiong,J (2700) Chess.com INT 2021 0-1 (76)}) ({RR} 9. cxd5 cxd5 10. e4 d4 11. Nc4 Bc7 12. a4 Nc6 13. b3 Nc5 14. Ba3 Qe7 15. Rc1 Nb4 16. Bxb4 axb4 17. Qc2 b6 18. Nfxe5 Bxe5 19. Nxb6 Ra5 20. Nc4 Nb7 21. Nxa5 Nxa5 22. Qc5 Qxc5 23. Rxc5 Nxb3 {Peralta,E (2218)-Xiong,J (2700) Chess.com INT 2021 0-1 (76)}) 9... b5 10. Bb2 Rb8 11. c5 Bc7 12. Qc2 Ng6 13. a4 b4 14. e4 d4 15. Rac1 Ba6 16. Bh3 Re8 17. Ne1 Ngf8 18. Ng2 Qe7 19. f4 Rbd8 20. Nf3 f6 21. Ngh4 g6 22. fxe5 fxe5 23. Rf2 Bb8 24. Rcf1 Nxc5 25. Ne1 Bd6 26. Bc1 Nfe6 27. Qd1 Nf4 28. gxf4 Qxh4 29. Bg2 exf4 30. Bxf4 Bxf4 31. Rxf4 Qh6 32. Qc2 Ne6 33. Rf6 c5 34. Kh1 Kh8 35. Nf3 Qh5 36. Qd2 Bc8 37. Qf2 Rf8 38. Rxf8+ Rxf8 39. Qg3 Rf4 40. Bh3 g5 41. Bf5 Bd7 42. Kg1 h6 43. h3 Rxf5 44. exf5 Nf4 45. Kh2 Bxf5 46. h4 Bxd3 47. Re1 Bh7 48. Re5 Bg6 49. Rxc5 d3 50. Rc8+ Kh7 51. Qe1 Ne2 52. Qf2 g4 53. Rc7+ Kg8 54. Qe3 gxf3 55. Rc8+ Kh7 56. Qe7+ Bf7 57. Qf6 1-0

[Event "Sitges Sunway op 6th"]
[Site "Sitges"]
[Date "2019.12.19"]
[Round "7"]
[White "Salgado Lopez, Ivan"]
[Black "Kelires, Andreas"]
[Result "1-0"]
[WhiteElo "2605"]
[BlackElo "2510"]
[PlyCount "59"]
[EventDate "2019.12.13"]
[EventType "swiss"]
[EventRounds "10"]
[EventCountry "ESP"]
[SourceTitle "CBM 193 Extra"]
[Source "ChessBase"]
[SourceDate "2020.01.31"]
[SourceVersion "1"]
[SourceVersionDate "2020.01.31"]
[SourceQuality "1"]

1. Nf3 d5 2. g3 c6 3. Bg2 Nf6 4. O-O Bf5 5. Nh4 Be4 ({RR} 5... Bg4 6. d4 e6 7. c4 Nbd7 8. h3 Bh5 9. g4 Ne4 10. Nf3 Bg6 11. Nc3 Be7 12. Bf4 h5 13. e3 hxg4 14. hxg4 dxc4 15. Rc1 Nxc3 16. Rxc3 Bd3 17. Rxd3 cxd3 18. Qxd3 Nf6 19. Ne5 Bd6 20. Qe2 {Nakamura,H (2802)-Rothuis,V (2346) chess.com INT 2024 1-0 (33)}) ({RR} 5... Bg6 6. f4 e6 7. d3 Be7 8. Qe1 Qb6+ 9. e3 Nbd7 10. Kh1 Ng4 11. h3 Bxh4 12. hxg4 Bf6 13. Nd2 h6 14. a4 Qc5 15. e4 Qxc2 16. f5 O-O-O 17. fxg6 fxg6 18. Ra3 h5 19. g5 Bxg5 20. Nf3 {Shahil,D (2374)-Advaitt Srikant Koduri (2105) Chennai IND 2025 1-0 (69)}) 6. f3 Bg6 7. d4 Nbd7 8. Nxg6 $146 ({RR} 8. e4 dxe4 9. Nxg6 hxg6 10. fxe4 e5 11. c3 Bd6 12. Na3 b5 13. Be3 Qe7 14. d5 Bc5 15. Nc2 Bxe3+ 16. Nxe3 Qc5 17. Qe2 Nb6 18. Rf2 O-O-O 19. Rc1 Kb8 20. b4 Qd6 21. c4 bxc4 22. Nxc4 Nxc4 {Mestre Bellido,H (2282)-Ribera Veganzones,S (2123) Barcelona 2022 1-0 (44)}) ({RR} 8. e4 dxe4 9. Nxg6 hxg6 10. fxe4 e5 11. c3 Bd6 12. Na3 b5 13. Be3 Qe7 14. d5 Bc5 15. Nc2 Bxe3+ 16. Nxe3 Qc5 17. Qe2 Nb6 18. Rf2 O-O-O 19. Rc1 Kb8 20. b4 Qd6 21. c4 bxc4 22. Nxc4 Nxc4 {Mestre Bellido,H (2282)-Ribera Veganzones,S (2123) Barcelona 2022 1-0 (44)}) 8... hxg6 9. f4 e6 10. c4 dxc4 11. Nc3 Qa5 12. e3 O-O-O 13. Bd2 Nb6 14. Qe2 Qa6 15. a4 Kb8 16. Rfc1 Nbd5 17. b3 Nxc3 18. Bxc3 Nd5 19. bxc4 Nxc3 20. Rxc3 Be7 21. Rb3 Rd7 22. a5 Rh5 23. Qa2 Bf6 24. c5 Rxc5 25. Bf1 Rb5 26. Bxb5 cxb5 27. Rc1 Bd8 28. Rbc3 Rc7 29. Qa3 Rc6 30. Qd6+ 1-0

[Event "Valencia Stars"]
[Site "Valencia"]
[Date "2019.12.15"]
[Round "7.1"]
[White "Howell, David"]
[Black "Arizmendi Martinez, Julen Luis"]
[Result "1-0"]
[WhiteElo "2676"]
[BlackElo "2511"]
[PlyCount "71"]
[EventDate "2019.12.15"]
[EventType "schev (rapid)"]
[EventRounds "10"]
[EventCountry "ESP"]
[SourceTitle "CBM 193 Extra"]
[Source "ChessBase"]
[SourceDate "2020.01.31"]
[SourceVersion "1"]
[SourceVersionDate "2020.01.31"]
[SourceQuality "1"]
[WhiteTeam "Europe"]
[BlackTeam "Valencia"]
[BlackTeamCountry "ESP"]

1. Nf3 d5 2. c4 e6 3. g3 Nf6 4. Bg2 d4 5. O-O c5 6. d3 Nc6 7. e3 Bd6 8. exd4 cxd4 9. Bg5 h6 10. Bxf6 Qxf6 11. Nbd2 Qe7 12. a3 a5 13. Ne4 Bc7 14. b4 axb4 15. axb4 Rxa1 16. Qxa1 Nxb4 17. Qa4+ $146 ({RR} 17. Qxd4 O-O 18. Qc3 Rd8 19. d4 b6 20. Rb1 Bb7 21. Ned2 Nc6 22. c5 b5 23. Rxb5 Ba6 24. Rb1 e5 25. dxe5 Nxe5 26. Re1 Nxf3+ 27. Nxf3 Qd7 28. c6 Qd5 29. Nh4 Ba5 30. Qa1 Qc5 31. Rc1 Qb6 {Ozen,B (2369)-Andreikin,D (2729) chess.com INT 2022 1-0 (85)}) ({RR} 17. Qxd4 O-O 18. Qc3 Rd8 19. d4 b6 20. Rb1 Bb7 21. Ned2 Nc6 22. c5 b5 23. Rxb5 Ba6 24. Rb1 e5 25. dxe5 Nxe5 26. Re1 Nxf3+ 27. Nxf3 Qd7 28. c6 Qd5 29. Nh4 Ba5 30. Qa1 Qc5 31. Rc1 Qb6 {Ozen,B (2369)-Andreikin,D (2729) chess.com INT 2022 1-0 (85)}) 17... Nc6 18. Nxd4 O-O 19. Nxc6 bxc6 20. Qxc6 Be5 21. Rb1 Rd8 22. h4 Bd4 23. Rb8 Bd7 24. Rxd8+ Qxd8 25. Qd6 e5 26. Nc5 Bxc5 27. Qxc5 Bf5 28. Qxe5 Bxd3 29. c5 Qa5 30. h5 Qb5 31. Kh2 Kf8 32. Qd6+ Kg8 33. Bf3 Bf5 34. Kg2 Qb1 35. c6 Qf1+ 36. Kxf1 1-0

[Event "North American op 29th"]
[Site "Las Vegas"]
[Date "2019.12.29"]
[Round "8"]
[White "Paragua, Mark"]
[Black "Mitkov, Nikola"]
[Result "1-0"]
[WhiteElo "2513"]
[BlackElo "2508"]
[PlyCount "59"]
[EventDate "2019.12.26"]
[EventType "swiss"]
[EventRounds "9"]
[EventCountry "USA"]
[SourceTitle "CBM 194 Extra"]
[Source "ChessBase"]
[SourceDate "2020.03.31"]
[SourceVersion "1"]
[SourceVersionDate "2020.03.31"]
[SourceQuality "1"]

1. Nf3 {Ftacnik,Lubomir} d5 2. g3 Bg4 3. Bg2 Nd7 4. O-O e6 5. d4 c6 6. Nbd2 f5 7. c4 Bd6 8. Qb3 Rb8 ({RR} 8... Qb6 9. Qe3 f4 10. gxf4) 9. Re1 Ne7 $146 ({RR} 9... Qe7 10. h3 ({RR} 10. Nh4 Ngf6 11. f3 g5) ({RR} 10. h3 Bh5 11. cxd5 cxd5 12. e4 ({RR} 12. g4 Bf7 13. gxf5 exf5 14. Nf1 Ngf6 15. Ne3 g6 16. Ng5 Nb6 17. a4 f4 18. Nxf7 Kxf7 19. Nxd5 Nfxd5 ({RR} 19... Qe6 20. e4 Nbxd5 21. Bd2 Nc7 22. Qxe6+ Nxe6 23. e5 Nxd4 24. exd6 Rhe8) 20. a5 Kg7 21. axb6 Nxb6 22. Rxa7 Bb4 23. Bxf4 Bxe1 24. Bxb8 Rxb8 25. Qxb6) 12... fxe4 13. Nxe4 dxe4 14. Rxe4 Bf7 15. Ng5 Ngf6 16. Nxf7 Kxf7 17. Bg5 Rhe8 18. Rae1 Nf8 19. f4 Qd7 20. Bxf6 Kxf6 21. g4 g6 22. f5 exf5 23. gxf5 gxf5 24. Rf1 Rxe4) 10... Bh5 11. cxd5 cxd5 12. e4 fxe4 13. Nxe4 dxe4 14. Rxe4 Bf7 15. Ng5 Ngf6 16. Nxf7 Kxf7 17. Bg5 Rhe8 18. Rae1 Nf8 19. f4 Qd7 20. Bxf6 Kxf6 21. g4 g6 22. f5 exf5 23. gxf5 gxf5 24. Rf1 {Terreaux,G (2230)-Sher,M (2520) Ticino 1994 0-1}) ({RR} 9... Nh6 10. cxd5 cxd5 11. h3 ({RR} 11. Ne5 Nxe5 12. dxe5 Bc7 13. h3 Bh5 14. f4 Bb6+ 15. Kh2 O-O 16. Nf3 Bxf3 17. Bxf3) 11... Bh5 12. e4 fxe4 ({RR} 12... Bxf3 13. Bxf3 fxe4 14. Nxe4 dxe4 15. Qxe6+ Qe7 ({RR} 15... Be7 16. Bxh6 exf3 17. Bxg7) 16. Rxe4 Kd8 17. Qd5) ({RR} 12... dxe4 13. Qxe6+ ({RR} 13. Ng5 Bf7 14. Ndxe4) 13... Qe7 14. Ng5 Bf7) 13. Ng5 Bf7 ({RR} 13... Qxg5 14. Nxe4 Qe7 15. Bg5 ({RR} 15. Nxd6+ Qxd6 16. Bf4 Qe7 17. Bxd5) 15... Nf6 ({RR} 15... Qf8 16. Qxd5 Be7 17. Nd6+ Kd8 18. Bxe7+ Qxe7 19. Rxe6) 16. Nxd6+ Qxd6 17. Bf4 Qd8 18. Bxb8 Qxb8 19. Rxe6+ Kf7 20. Rae1) ({RR} 13... Qe7 14. Nxe6 Qxe6 ({RR} 14... Nf6 15. Bxe4 dxe4 ({RR} 15... Qxe6 16. Bg6+) 16. Nxe4 Nxe4 17. Rxe4 Kf7 18. Nf4+) 15. Rxe4 Be5 16. Re1) 14. Ndxe4 dxe4 ({RR} 14... Be7 15. Nxf7 Nxf7 16. Nc3) 15. Nxe6 Bxe6 ({RR} 15... Qe7 16. Rxe4 {RR} Be5 17. Nxg7+ Kf8 ({RR} 17... Kd8 18. Qa4 Qf6 19. dxe5 Qxg7 20. e6) 18. Bxh6 Bxb3 19. Nf5+) ({RR} 15... Ng8 16. Rxe4 Bxe6 17. Rxe6+ Be7 18. Bf4) ({RR} 15... Nf5 16. Rxe4 Be7 17. Bg5) ({RR} 15... Qb6 16. Nxg7+ Kd8 17. Qxb6+ axb6 18. Bxh6) ({RR} 15... Qf6 16. Rxe4 Be7 17. Bf4 Rd8 ({RR} 17... Rc8 18. Qxb7 Bxe6 19. Qxc8+ Bd8 20. Bg5) 18. d5 Nf5 ({RR} 18... Bxe6 19. Rxe6 Qf7 20. d6) 19. Rae1) 16. Qxe6+ Qe7 ({RR} 16... Be7 17. Bxh6 ({RR} 17. Bf4 Rc8 18. Bxe4 Nf8 19. Qb3) 17... gxh6 18. Bxe4 ({RR} 18. Rxe4 Rf8 19. Rae1 ({RR} 19. d5 Nc5) 19... Rf7 20. Qxh6 Nf6) 18... Rf8 ({RR} 18... Nf6 19. Bd3 Kf8 20. Bc4 Qe8 21. Qe3) 19. Bxh7 Rf6 20. Qg4) 17. Rxe4 Kd8 ({RR} 17... Nf7 18. Qd5 ({RR} 18. Qb3)) ({RR} 17... Qxe6 18. Rxe6+ Be7 19. Bxh6 Kf7 20. Rae1 Bb4 21. Bd5 Bxe1 22. Rxe1+ Kg6 23. Bxg7 Kxg7 24. Re7+ Kh6 25. Rxd7 Rhd8 26. Rxd8 Rxd8 27. Bxb7 Rxd4 28. b3) 18. Qd5 {1-0 (18) Kramnik,V (2730)-Beliavsky,A (2650) Belgrade 1995 CBM 051 [Ftacnik,Lubomir]} {RR} Qf8 ({RR} 18... Nf6 19. Rxe7 Nxd5 20. Re6 Nf5 21. Bxd5 Nxd4 22. Rxd6+ Ke7 23. Be4 Kxd6 24. Bf4+ Kc5 25. Bxb8 Rxb8 26. Bxh7) 19. Re6 ({RR} 19. Bg5+ Nf6 20. Rae1 Nf7 21. Re6 Rg8 ({RR} 21... Kc7 22. Bxf6 gxf6 23. Rxf6) 22. Rxf6 gxf6 23. Bxf6+ Kc7 24. Qa5+ b6 ({RR} 24... Kd7 25. Qb5+) 25. Qxa7+ Kc8 26. Rc1+) 19... Bc7 ({RR} 19... Be7 20. Rxe7 Qxe7 21. Bg5) 20. Bg5+ Kc8 21. Rc1) ({RR} 9... Qe7 10. Ne5 Nxe5 ({RR} 10... Bh5 11. cxd5 cxd5 12. Nxd7 ({RR} 12. Ndf3 {RR} Ngf6 13. Bf4 O-O) ({RR} 12. f3) 12... Qxd7 13. f3 Ne7) ({RR} 10... Ngf6 11. Nxg4 Nxg4 12. cxd5 exd5 13. e4 O-O 14. e5 Bb4 15. a3 Ba5 16. Bxd5+ cxd5 17. Qxd5+ Kh8 18. Qxa5 f4 19. Ne4 Qf7 20. f3 Nxh2 21. Kxh2 Qh5+ 22. Kg2 fxg3 23. f4 Qh2+ 24. Kf3) 11. dxe5 Bxe5 12. cxd5 exd5 13. e4 fxe4 14. Nxe4 dxe4 15. Rxe4 Nf6 16. Bg5 Be6 ({RR} 16... Qe6 17. Qxe6+ Bxe6 18. Rxe5 Kf7 19. a4 Rhe8 20. a5 a6 21. Rae1) 17. Qe3 Nd5 18. Qd2 Qf7 19. Rxe5 O-O 20. Rae1) ({RR} 9... Ngf6 10. Ng5 Qe7 11. f3 Bh5 12. e4 h6 13. exf5 e5 14. Ne6 Bf7 15. c5 Nxc5 16. dxc5 Bxc5+ 17. Kh1 Bd6 18. Nxg7+ Kf8 19. Ne6+ Bxe6 20. fxe6 h5 21. Bh3) ({RR} 9... Qf6 10. cxd5 cxd5 11. Qa4 Ne7 12. Ne5 b5 13. Qxa7 Nxe5 14. dxe5 Bxe5 15. Nf3 Bxf3 16. exf3 Nc6 17. Qc5 Kd7 18. Rxe5 Nxe5 19. Qa7+ Kd6 20. Bf4 g5 21. Be3 Rhc8 22. Bd4 Ra8 23. Qb6+ Rc6 24. Bc5+) ({RR} 9... Qf6 10. cxd5 cxd5 11. e4 fxe4 12. Ng5 Ne7 13. Ndxe4 dxe4 14. Nxe4 Qxd4 15. Be3 Qb4 16. Bd2 {1-0 (16) Valles Moreno,I (2401)-Soham,D (2330) Clichy 2022}) ({RR} 9... Nh6 10. cxd5 cxd5 11. Ne5 Nxe5 12. dxe5 Bc7 13. h3 Bh5 14. f4 Bb6+ 15. Kh2 O-O 16. Nf3 Bxf3 17. Bxf3 {½-½ (17) Hug,W (2445)-Speelman,J (2600) Altensteig 1994}) 10. Ng5 Nf8 11. cxd5 exd5 12. e4 h6 13. exd5 hxg5 14. Nc4 f4 15. Bd2 Rh6 16. gxf4 cxd5 17. Bxd5 Ne6 18. Ne5 gxf4 19. Nxg4 Nxd4 20. Qa4+ Ndc6 21. Nxh6 gxh6 22. Bxf4 Bxf4 23. Bxc6+ bxc6 24. Qxf4 Rb5 25. Rad1 Qc8 26. Rxe7+ Kxe7 27. Re1+ Kd7 28. Qf7+ Kd6 29. Qe7+ Kd5 30. Qe5+ 1-0

[Event "Wch Rapid"]
[Site "Moscow"]
[Date "2019.12.26"]
[Round "3"]
[White "Amin, Bassem"]
[Black "Christiansen, Johan Sebastian"]
[Result "1-0"]
[WhiteElo "2683"]
[BlackElo "2597"]
[PlyCount "177"]
[EventDate "2019.12.26"]
[EventType "swiss (rapid)"]
[EventRounds "15"]
[EventCountry "RUS"]
[SourceTitle "CBM 193 Extra"]
[Source "ChessBase"]
[SourceDate "2020.01.31"]
[SourceVersion "1"]
[SourceVersionDate "2020.01.31"]
[SourceQuality "1"]

1. Nf3 c5 2. g3 g6 3. Bg2 Bg7 4. O-O Nc6 5. d3 e6 6. e4 Nge7 7. c3 O-O 8. Re1 b6 9. d4 cxd4 10. cxd4 d5 11. e5 Ba6 ({RR} 11... a5 12. Nc3 Ba6 13. a3 b5 14. h4 h6 15. Bf4 Nc8 16. Rc1 Nb6 17. Nb1 b4 18. a4 Rc8 19. Nbd2 Nc4 20. Nxc4 dxc4 21. Bf1 Ne7 22. Qd2 Bb7 23. Nh2 Qd5 24. f3 Nf5 25. Ng4 Qxf3 26. Bg2 {Yedidia,J (2361)-Aldokhin,I (2413) chess.com INT 2024 0-1 (45)}) 12. Nc3 Rc8 $146 ({RR} 12... Qd7 13. Bg5 h6 14. Bf6 Kh7 15. g4 Ng8 16. g5 h5 17. Qa4 Bb7 18. Nb5 Na5 19. Nc3 Qxa4 20. Nxa4 Ba6 21. Rec1 Rfc8 22. Bf1 Bxf1 23. Kxf1 Bf8 24. Nc3 Nc4 25. Nd1 Ne7 26. Bxe7 Bxe7 27. Rc2 {Hort,V-Schmidt,W Leipzig 1973 ½-½}) 13. Bf4 Qd7 14. Qa4 Bc4 15. Rac1 Qb7 16. h4 Rc7 17. Nb5 Bxb5 18. Qxb5 Rfc8 19. Bf1 Nf5 20. Qa6 Qb8 21. Rcd1 Nb4 22. Qa4 Nc2 23. Rc1 Nxe1 24. Rxe1 b5 25. Bxb5 Rb7 26. Ba6 Rb4 27. Qa5 Rc6 28. Bf1 Nxd4 29. Nxd4 Rxd4 30. b3 Bf8 31. Be3 Re4 32. Bxa7 Qxe5 33. Rxe4 Qxe4 34. Qd8 Qb4 35. Be3 Qe7 36. Qa8 Rc2 37. a4 Qc7 38. a5 Qc8 39. Qxc8 Rxc8 40. a6 e5 41. Bb6 Ra8 42. a7 Bd6 43. Ba6 Bb8 44. axb8=Q+ Rxb8 45. Bc7 Rxb3 46. Bxe5 f6 47. Bf4 Kf7 48. Kf1 Ra3 49. Bb7 Ke6 50. Bc8+ Kf7 51. Ke2 Rb3 52. Be3 Ra3 53. Bd4 Rb3 54. g4 Rb8 55. Ba6 Re8+ 56. Kd3 Re4 57. Bc8 Re1 58. f4 Rd1+ 59. Ke3 Re1+ 60. Kf3 Rd1 61. Bf2 Rc1 62. Ba6 Rc3+ 63. Ke2 Ke6 64. Bd3 Ra3 65. Bd4 Ra2+ 66. Kf3 Ra3 67. Ke3 Rb3 68. h5 Ra3 69. Bc5 Rb3 70. Kd4 f5 71. hxg6 hxg6 72. g5 Rb2 73. Ba6 Rb8 74. Kc3 Ra8 75. Bb5 Rb8 76. Kb4 Rh8 77. Bd4 Rc8 78. Be5 Ke7 79. Ka5 Rc1 80. Kb6 Rc2 81. Bc6 Rd2 82. Kc5 Ke6 83. Be8 Rc2+ 84. Kd4 Rc4+ 85. Kd3 Rb4 86. Bxg6 Rb3+ 87. Ke2 Rb4 88. Bh7 Rb5 89. g6 1-0